Pable picasso / (Record no. 5221)

MARC details
000 -LEADER
fixed length control field 00986nam a22003017a 4500
001 - CONTROL NUMBER
control field 5221
003 - CONTROL NUMBER IDENTIFIER
control field FISKH
005 - DATE AND TIME OF LATEST TRANSACTION
control field 20241120093711.0
008 - FIXED-LENGTH DATA ELEMENTS--GENERAL INFORMATION
fixed length control field 241120b cb ||||| |||| 00| 0 eng d
020 ## - INTERNATIONAL STANDARD BOOK NUMBER
International Standard Book Number 9781575053707
040 ## - CATALOGING SOURCE
Original cataloging agency FISKH
Language of cataloging eng
Transcribing agency FISKH
Modifying agency FISKH
050 ## - LIBRARY OF CONGRESS CALL NUMBER
Classification number N6853.P5
082 ## - DEWEY DECIMAL CLASSIFICATION NUMBER
Classification number 709.2
100 ## - MAIN ENTRY--PERSONAL NAME
Personal name Lowery, Linda
Dates associated with a name (1949-)
245 ## - TITLE STATEMENT
Title Pable picasso /
Statement of responsibility, etc. by Linda Lowery illustrations by Janice Lee Porter
250 ## - EDITION STATEMENT
Edition statement 1999
260 ## - PUBLICATION, DISTRIBUTION, ETC.
Place of publication, distribution, etc. Minneapolis :
Name of publisher, distributor, etc. Millbrook ,
Date of publication, distribution, etc. 1999.
300 ## - PHYSICAL DESCRIPTION
Extent 48 pages :
Other physical details Color illustrations ;
Dimensions 22 cm
505 ## - FORMATTED CONTENTS NOTE
Formatted contents note P<br/>
520 ## - SUMMARY, ETC.
Summary, etc. Tells the story of Pablo Picasso as he grows through his early days as an artist, his discovery of cubism, and his later years of sculpture and painting to become a famous artist.
521 8# - TARGET AUDIENCE NOTE
Target audience note 630L<br/>
Source Lexile<br/>
521 8# - TARGET AUDIENCE NOTE
Target audience note P<br/>
Source Raz-Plus<br/>
650 ## - SUBJECT ADDED ENTRY--TOPICAL TERM
Source of heading or term Non-fiction
Topical term or geographic name entry element Biography
650 ## - SUBJECT ADDED ENTRY--TOPICAL TERM
Source of heading or term Artist
Topical term or geographic name entry element Music
700 ## - ADDED ENTRY--PERSONAL NAME
Personal name Porter, Lee Janice
Dates associated with a name Illustrator
942 ## - ADDED ENTRY ELEMENTS (KOHA)
Source of classification or shelving scheme Dewey Decimal Classification
Koha item type Books
Suppress in OPAC No
Holdings
Withdrawn status Lost status Source of classification or shelving scheme Damaged status Not for loan Collection Home library Current library Shelving location Date acquired Total Checkouts Full call number Barcode Date last seen Copy number Price effective from Koha item type
    Dewey Decimal Classification     Non-Fiction Footprints International School Library Network Toul Kork Campus Footprints International School Library Network Toul Kork Campus TK Primary Library Room(4th Floor), Bookcase 3&4, Shelves 17-32, Yellow Books 11/20/2024   LOW 709.2 N6853.P5 FISTK01772 11/20/2024 1 11/20/2024 Books